Online
Catalog

Mujeres deslumbrante / (Record no. 3457)

MARC details
000 -CABECERA
campo de control de longitud fija 00895cam a2200289 a 4500
001 - NÚMERO DE CONTROL
campo de control 000003634
003 - IDENTIFICADOR DEL NÚMERO DE CONTROL
campo de control DO-SdBNP
005 - FECHA Y HORA DE LA ÚLTIMA TRANSACCIÓN
campo de control 20210927154717.0
008 - DATOS DE LONGITUD FIJA--INFORMACIÓN GENERAL
campo de control de longitud fija 960625s1993 sp 001 0 spa
020 ## - NÚMERO INTERNACIONAL ESTÁNDAR DEL LIBRO
Número Internacional Estándar del Libro 8401438047
040 ## - FUENTE DE LA CATALOGACIÓN
Centro catalogador/agencia de origen DO-SdBNP
Lengua de catalogación spa
Centro/agencia transcriptor BNPHU
082 ## - NÚMERO DE LA CLASIFICACIÓN DECIMAL DEWEY
Número de clasificación 813.54
Número de documento/Ítem G696m
100 1# - ENTRADA PRINCIPAL--NOMBRE DE PERSONA
Nombre de persona Gould, Judith,
Fechas asociadas al nombre 1945-
9 (RLIN) 11157
240 10 - TÍTULO UNIFORME
Título uniforme Dazzle.
Lenguaje de la obra Español
245 10 - MENCIÓN DE TÍTULO
Título Mujeres deslumbrante /
Mención de responsabilidad, etc. Judith Gould ; traducción de Rosalía Vázquez.
260 ## - PUBLICACIÓN, DISTRIBUCIÓN, ETC.
Lugar de publicación, distribución, etc. Barcelona :
Nombre del editor, distribuidor, etc. Plaza & Janés,
Fecha de publicación, distribución, etc. 1993.
300 ## - DESCRIPCIÓN FÍSICA
Extensión 888 p. ;
Dimensiones 18 cm.
490 1# - MENCIÓN DE SERIE
Mención de serie Los jet de Plaza & Janés
Designación de volumen o secuencia 205/4
534 ## - NOTA SOBRE LA VERSIÓN ORIGINAL
Encabezamiento principal del original Título original:
Mención de título del original Dazzle
650 #4 - PUNTO DE ACCESO ADICIONAL DE MATERIA--TÉRMINO DE MATERIA
Término de materia o nombre geográfico como elemento de entrada Novela estadounidense
9 (RLIN) 262
650 #4 - PUNTO DE ACCESO ADICIONAL DE MATERIA--TÉRMINO DE MATERIA
Término de materia o nombre geográfico como elemento de entrada Literatura estadounidense
9 (RLIN) 9904
710 1# - PUNTO DE ACCESO ADICIONAL--NOMBRE DE ENTIDAD CORPORATIVA
Nombre de entidad corporativa o nombre de jurisdicción como elemento de entrada Vázquez, Rosalía,
Término indicativo de función/relación tr.
9 (RLIN) 11158
830 #0 - PUNTO DE ACCESO ADICIONAL DE SERIE-TÍTULO UNIFORME
Título uniforme Los jet de Plaza & Janés
Designación de volumen o secuencia 205/4
9 (RLIN) 11159
910 ## - DATOS DE OPCIÓN DEL USUARIO (OCLC)
Datos de opción del usuario Catalogación derivada
910 ## - DATOS DE OPCIÓN DEL USUARIO (OCLC)
Datos de opción del usuario WM
942 ## - ELEMENTOS DE PUNTO DE ACCESO ADICIONAL (KOHA)
Fuente del sistema de clasificación o colocación Dewey Decimal Classification
Tipo de ítem Koha Libro
Holdings
Estado de retiro Estado de pérdida Restricciones de uso No para préstamo Código de colección Localización permanente Ubicación/localización actual Ubicación en estantería Fecha de adquisición Número de inventario Total de préstamos Signatura topográfica completa Código de barras Fecha visto por última vez Precio válido a partir de Tipo de ítem Koha
    Préstamo interno   Monografías: Libros y Folletos General General Depósito 11.07.2009 LF1   813.54 G696m 3634-10 25.06.2020 25.06.2020 Préstamo interno

Powered by Koha